[Event "Steinfurt Bezirksliga 1112"]
[Site "Germany"]
[Date "2012.06.02"]
[Round "9.7"]
[White "Luszczynski, Josef"]
[Black "Bakker, David"]
[Result "1-0"]
[WhiteElo "1602"]
[BlackElo "1059"]
[PlyCount "85"]
[EventDate "2011.10.01"]
[EventType "team-tourn"]
[EventRounds "9"]
[EventCountry "GER"]
[SourceTitle "EXT 2013"]
[Source "ChessBase"]
[SourceDate "2012.11.22"]
[SourceVersion "1"]
[SourceVersionDate "2012.11.22"]
[SourceQuality "1"]
[WhiteTeam "Ibbenbueren II"]
[BlackTeam "Steinfurt III"]
[WhiteTeamCountry "GER"]
[BlackTeamCountry "GER"]

1. d4 d5 2. c4 e6 3. g3 Nf6 4. Bg2 c6 5. Nf3 Nbd7 6. Qc2 dxc4 7. Qxc4 Bd6 8. 0-0 0-0 9. Nc3 b5 10. Qxc6 Bxg3 11. hxg3 Rb8 12. Qd6 Rb6 13. Qf4 b4 14. Na4 Rb5 15. e4 Bb7 16. Re1 Qc8 17. b3 Qc2 18. e5 Ne4 19. Nd2 g5 20. Qe3 f5 21. Nxe4 fxe4 22. Qxg5+ Kh8 23. Qe7 Qxf2+ 24. Kh2 Qxe1 25. Bh6 Qxg3+ 26. Kxg3 Rg8+ 27. Kh3 Rg6 28. Qe8+ Rg8 29. Qxd7 Rg6 30. Qe8+ Rg8 31. Qxb5 Rg6 32. Qxb7 Rxh6+ 33. Kg3 Rg6+ 34. Kf2 e3+ 35. Kf3 Rg8 36. Rh1 Rg7 37. Qc8+ Rg8 38. Qxe6 Rf8+ 39. Kxe3 Rg8 40. Be4 Rg3+ 41. Kf4 Rg7 42. Qe8+ Rg8 43. Rxh7# 1-0